| 000 | 00912nam a2200217Ia 4500 | ||
|---|---|---|---|
| 005 | 20241129111344.0 | ||
| 008 | 241129s9999||||xx |||||||||||||| ||und|| | ||
| 020 | _a978-81-953832-2-1 | ||
| 037 | _aTB | ||
| 040 |
_aCRL _bhin _cCRL |
||
| 041 |
_ahin _2hin |
||
| 084 |
_aO15,1A2:g(R6) 152R2 _qCRL |
||
| 100 | _aवर्मा, प्रीति, ले. | ||
| 245 | 0 |
_aमहाभारत एवं भारतीय दर्शन: विशेषतः न्याय - वैशेषिक दर्शन के सन्दर्भ में _cवर्मा, प्रीति, ले. |
|
| 260 |
_aपटना, भारत _bपटना सारस्वतम् पब्लिकेशन _c2022 |
||
| 300 | _a249पृ0 | ||
| 365 |
_aINR _b750 |
||
| 650 |
_aMahabharatSanskrit Literature _9726306 |
||
| 942 |
_cTB _hO15,1A2:g(R6) 152R2 |
||
| 999 |
_c1230079 _d1230079 |
||